Trouvez les paroles - Je te promets - Zaho - Statistiques

Statistiques générales
  • Ce quiz a été pris 142 fois
  • Le résultat moyen est 240 sur 296
Statistiques - réponses
Let's Go % Correct
je
99%
te
95%
que
92%
ma
89%
tout
89%
à
87%
ce
87%
de
87%
me
86%
promets
86%
et
85%
pour
85%
le
84%
ne
84%
pas
84%
toute
84%
tu
84%
sais
83%
t'aimerai
83%
un
83%
vie
83%
ces
82%
dise
82%
jusqu'à
82%
mes
82%
nous
82%
dire
81%
pourrai
81%
se
81%
si
81%
t'aimerais
81%
c'est
80%
nuits
80%
toutes
80%
départ
79%
départ..
79%
donner
79%
l'infini
79%
nouveau
79%
faire
78%
promette
78%
sans
78%
jamais
77%
même
77%
n'ai
77%
bruit
76%
sépare
76%
fuir
74%
mais
74%
suive
69%
tes
69%
fasse
68%
dises
67%
voeu
67%
quand
64%
temps
64%
ceci
63%
ciel
63%
jour
63%
les
63%
sous
63%
en
62%
mal
61%
milliard
61%
paupières
61%
s'arrête
61%
d'étoiles
60%
j'aimerais
60%
plein
60%
prières
60%
dans
59%
cacher
58%
fais
58%
parle
58%
voir
58%
comprenne
57%
puisse
57%
lorsqu'on
56%
mon
56%
deux
54%
peu
54%
voile
54%
lumières
53%
plus
53%
qu'on
52%
soleil
52%
puisses
49%
qui
49%
clair
48%
être
45%
nouveaux
45%
casser
42%
qu'apparaissent
42%
celles
41%
t'empêchent
34%
m^me
3%
Aucun quiz correspondant
Distribution des résultats
% des personnes avec chaque résultat
Percentile par nombre de réponses
Votre historique - résultats
Vous n’avez pas pris ce quiz